000 00546nam a22001937a 4500
003 OSt
005 20210419072527.0
008 210218s1962 ||||| |||| 00| 0 eng d
040 _aeng
_beng
_cDLC
041 _aeng
080 _a821.111
_bS-86
100 _9253
_aStout, Rex
245 _aCrime and Again
_b: A Nero Wolfe Mystery
_c/ by: Fontana Books
260 _aLondon
_bFontana Books
_c1962
300 _a192 p.
650 0 _9254
_aEnglish literature
653 _aინგლისური ლიტერატურა
942 _2udc
_cBK
999 _c1953
_d1953